En la cima del Monte Santo (Record no. 99788)

MARC details
000 -LEADER
campo de control de longitud fija 00637nam a2200181 i 4500
001 - NÚMERO DE CONTROL
campo de control 99788
003 - IDENTIFICADOR DE NÚMERO DE CONTROL
campo de control ES-MaACL
005 - FECHA Y HORA DE LA ÚLTIMA TRANSACCIÓN
campo de control 20230906182544.0
007 - CAMPO FIJO DE DESCRIPCIÓN FÍSICA--INFORMACIÓN GENERAL
campo de control de longitud fija t|
008 - DATOS DE LONGITUD FIJA--INFORMACIÓN GENERAL
campo de control de longitud fija 050915s1972 sp ||||1| spa d
100 1# - ENTRADA PRINCIPAL--NOMBRE DE PERSONA
Nombre de persona Martínez Lozano, Sabino.
9 (RLIN) 78195
245 10 - MENCIÓN DEL TÍTULO
Título En la cima del Monte Santo
Resto del título : correspondencia espiritual entre el P. Lozano, O.P. y J. Pastor, C.P. /
Mención de responsabilidad, etc. Sabino Martínez Lozano; [edición ...por el P. Arturo Alonso Lobo, O.P.].
260 ## - PUBLICACIÓN, DISTRIBUCIÓN, ETC.
Lugar de publicación, distribución, etc. Salamanca :
Nombre del editor, distribuidor, etc. Anaya,
Fecha de publicación, distribución, etc. 1972.
300 ## - DESCRIPCIÓN FÍSICA
Extensión 736 p. ;
Dimensiones 22 cm.
700 1# - ENTRADA AGREGADA--NOMBRE PERSONAL
Nombre de persona Alonso Lobo, Arturo.
9 (RLIN) 20347
700 1# - ENTRADA AGREGADA--NOMBRE PERSONAL
Nombre de persona Pastor, J.
9 (RLIN) 89477
852 ## - LOCALIZACIÓN
Ubicación ES-MaACL
Número de control de estantería C-43759
Sublocalización o colección R.83476
Holdings
Estatus retirado Estado de pérdida Estado de daño No para préstamo Biblioteca de origen Biblioteca actual Ubicación en estantería Fecha de adquisición Fuente de adquisición Total de préstamos Signatura topográfica completa Código de barras Visto por última vez Precio de reemplazo Tipo de ítem Koha
        Biblioteca del Ateneo de Madrid Biblioteca del Ateneo de Madrid Depósito 2 17/01/2008     C-43759 1104194 23/02/2023 23/02/2023 Libro impreso